000 00754nam a2200205 a 4500
001 000024558
005 20200930023234.0
008 110131s1975 is ad r 000 0 spa d
040 _aDO-SdBNP
_bspa
_cBNPHU
082 _axxxxxx
_bE192i
100 1 _aEckstein, Shlomo
_950345
245 1 0 _aIntroducción al análisis económico :
_bcon aplicación a los problemas de la cooperación agricola /
_cShlomo Eckstein , Moshe Sirkin ; introducción Abraham Hatzamri.
250 _a3a ed.
260 _aIsrael :
_bCentro de Estudios Cooperativos y Laborales,
_c1975.
300 _a305 p. :
_bil., diag. ;
_c23.5 cm.
500 _aIncluye notas al pie de las páginas.
700 1 _aSirkin, Moshe
_950346
700 1 _aHatzamri, Abraham
_950347
049 _aBNGR
999 _c24051
_d24051